All DCEU MOVIES! - Statistics

General Stats
  • This quiz has been taken 273 times
    219 since last reset
  • The average score is 13 of 15
Answer Stats
Year Movie % Correct
2013 Man of Steel
99%
2016 Batman v. Superman: Dawn of Justice
98%
2017 Justice League
98%
2021 Zack Snyder's Justice League
98%
2017 Wonder Woman
97%
2018 Aquaman
95%
2023 The Flash
92%
2016 Suicide Squad
90%
2021 The Suicide Squad
90%
2020 Wonder Woman 1984
89%
2019 Shazam!
81%
2023 Aquaman and the Lost Kingdom
77%
2022 Black Adam
73%
2020 Birds of Prey
69%
2023 Shazam! Fury of the Gods
68%
No matching quizzes found
Score Distribution
Percent of People with Each Score
Percentile by Number Answered
Your Score History
You have not taken this quiz since the last reset